00344 a2200121 450000100060000010000150000624500410002126000180006209000170008094200220009799900190011995200840013822924 aDatla, B K aPractical guide to library Procedure abAsia Pupsc c15519d15519 aNUST-CAEcMc6135 c257997d257997 001040708NFICaCAEbCAEd2017-04-03l0pCAE10368r2017-04-05w2017-04-05yBK